000 00753nam a2200241Ia 4500
003 OSt
005 20220315161537.0
008 210716s2013 xx 000 0 und d
020 _a9788177339659
040 _cAIMIT LIBRARY
041 _aeng
082 _a336.294
_210th
_bRAFM
100 _aRafi, Mohd.
_923779
245 _aIndirect taxes:
_bcontaining central excise customs service tax and vat /
_cBy Mohd. Rafi.
250 _a10th ed.
260 _aNew Delhi :
_bBharat Law House Pvt. Ltd ,
_c2013.
300 _a704p. ;
_c27.4 cm.
650 _aIndirect Taxes.
_923780
650 _aService Tax.
_923781
650 _aCentral excise.
_923782
650 _aCustoms Act & Foreign Trade Policy.
_923783
942 _2ddc
_cBK
_e10th
_k336.294 RAFM
999 _c208161
_d208161